01631nam a2200265Ia 4500952010700000952010700107952010700214952010700321952009500428952010700523999001700630008004100647020001500688050002000703100004500723245007500768260004200843300003700885500012000922505019701042519006501239650002601304650002801330942000701358 00104070a11b11d2007-07-11l2oHD38 A23 2006p11 001183r2015-02-16s2015-02-16t2w2012-06-26yLB 00104070a11b11d2007-07-11l1oHD38 A23 2006p11 001184r2015-03-12s2015-03-12t3w2012-06-26yLB 00104070a11b11d2007-01-08l2oHD38 A23 2006p11 001323r2016-07-07s2016-07-07t1w2012-06-26yLB 00104070a11b11d2007-07-11l2oHD38 A23 2006p11 002408r2019-02-22s2019-02-22t4w2012-06-26yLB 00104070a11b11d2007-08-17l0oHD38 A23 2006p11 002997r2012-06-26t6w2012-06-26yLB 00104070a11b11d2007-07-11l4oHD38 A23 2006p11 006609r2019-03-12s2019-03-12t5w2012-06-26yLB c69082d69082120626s2002 mx a 000 0 spa d a9682446368 aHD38 bA23 2006 aAudirac Camarena, Carlos Augusto.eautor aABC del desarrollo organizacionalc / Carlos Augusto, Audirac Camarena aMéxicob: Editorial Trillasc, 2002 a110 páginasb: ilustraciones  aIncluye: Indice de contenido, Prólogo, Introducción, Conclusiones, Glosario, Bibliografía, Indice analítico aAntecedentes ¿Qué es desarrollo organizacional? Teorías de organización Concepto de cambio Teoría de sistemas Proceso de consultoría Metodología de intervención  aMaterial Complementario / bPsicología /d(11 002997)  0aCAMBIO ORGANIZACIONAL 0aTRABAJO xPRODUCTIVIDAD cLB